[Event "19th Prague Open-A 2020"]
[Site "Prague"]
[Date "2020.01.17"]
[Round "9.13"]
[White "Llopis de Aysa, Manuel"]
[Black "Riha, Vojtech"]
[Result "1/2-1/2"]
[WhiteElo "2066"]
[BlackElo "2247"]
[Annotator "TA"]
[PlyCount "92"]
[EventDate "2020.01.10"]
[EventType "swiss"]
[EventCountry "CZE"]
[SourceTitle "playchess.com"]
[Source "ChessBase"]
[SourceQuality "1"]

{[%evp 19,92,16,39,31,16,32,50,44,52,30,57,47,46,46,58,42,71,84,125,125,184,172,170,187,181,183,195,155,178,182,191,137,137,75,77,75,75,63,64,66,178,235,238,223,191,245,249,56,96,0,166,152,145,104,115,119,130,45,66,0,0,0,0,0,0,0,0,0,616,249,214,0,15,0,0]} 1. d4 Nf6 2. Nf3 g6 3. c4 Bg7 4. Nc3 O-O 5. e4 d6 6. Be2 e5 7. d5 a5 8. Bg5 h6 9. Be3 Ng4 10. Bc1 f5 11. exf5 {E92: King's Indian: Classical: 6 Be2 e5: 7 dxe5, 7 Be3 and Petrosian System without 7...Nbd7} gxf5 12. g3 Na6 13. Nh4 {White is slightly better.} Nc5 14. O-O (14. f3 $5 {[%cal Rf3g4]} Nf6 15. Be3 $11) 14... Nf6 (14... e4 15. Bxg4 fxg4 16. Be3 Bd7 17. Bxc5 dxc5 18. Nxe4 Bd4 19. Qc2 {½-½ (19) Khenkin,I (2551)-Amin,B (2698) Germany 2017}) 15. f4 e4 16. Be3 Kh7 17. h3 {[#]} Qe7 $146 ({Predecessor:} 17... Bd7 18. Rf2 Qe7 {1-0 (26) Zvjaginsev,V (2590)-Cvitan,O (2535) Vienna 1996}) 18. Nb5 Bd7 19. Nd4 $1 Ne8 (19... Qd8 $16) 20. Bh5 $18 Bxd4 21. Bg6+ $1 (21. Qxd4 $6 Rg8 $11) 21... Kg8 22. Bxd4 Ng7 23. Re1 b6 24. b3 c6 25. Bb2 (25. dxc6 $18 Be6 26. Re3) 25... cxd5 $16 26. Qxd5+ (26. cxd5 $142 b5 27. Bd4) 26... Be6 27. Qd4 $36 {[%mdl 2048] Keeping Black busy.} Nd3 28. Re2 Nxb2 29. Rxb2 Rf6 ({Black should play} 29... d5 $14) 30. Rd1 $18 (30. Qxb6 Rxg6 31. Nxg6 Qf6 $11) 30... Rd8 31. Rbd2 Bc8 32. Qxb6 Bb7 33. Re2 $2 ({White should try} 33. Qxa5 $18 Ra8 34. Qc3) 33... d5 $14 34. Qe3 (34. Qxa5 $16 Rdd6 35. cxd5) 34... dxc4 $2 (34... Qd6 $11 35. Red2 Rxg6 36. Rxd5 Bxd5 37. Rxd5 {[%mdl 64] Double Attack} Re6 38. Rxd6 Rexd6) 35. Rxd8+ $18 Qxd8 36. Rd2 Rd6 37. Rxd6 Qxd6 {[#]} 38. bxc4 ({Much weaker is} 38. Nxf5 $6 Nxf5 39. Bxf5 Qd1+ 40. Kg2 Qc2+ 41. Kf1 c3 $11) (38. Qa7 $1 $16 {[%cal Ra7b7]} Qd1+ 39. Kh2) 38... Qd1+ $14 39. Kg2 (39. Kh2 $1 $14) 39... Qc2+ $11 40. Kg1 {Black must now prevent Qa7!} Qb1+ ({Not} 40... Qxa2 $2 41. Qb6 $18) 41. Kh2 {Threatens to win with Qa7.} Qxa2+ {[%mdl 64] Double Attack} 42. Ng2 {aiming for Qb6.} Qxc4 43. Qb6 {[%mdl 64] Double Attack} Qb4 $2 {[%mdl 8192]} (43... Qd5 $11 44. Qc7 Kf8 45. Qb8+ Ke7) 44. Qd8+ (44. Qc7 $142) 44... Qf8 $18 {[#]} 45. Qxa5 $2 (45. Bh7+ $1 $18 {[%mdl 512]} Kf7 (45... Kxh7 46. Qxf8) 46. Qb6 (46. Qxa5 Qd6 $16)) 45... Qf6 46. Qc7 {Qb8+ is the strong threat.} Qxg6 {Accuracy: White = 51%, Black = 43%.} 1/2-1/2

[Event "19th Prague Open-A 2020"]
[Site "Prague"]
[Date "2020.01.17"]
[Round "9.14"]
[White "Nemec, Jachym"]
[Black "Pushkov, Nikolai"]
[Result "1/2-1/2"]
[WhiteElo "1988"]
[BlackElo "2239"]
[Annotator "ChessBase"]
[PlyCount "69"]
[EventDate "2020.01.10"]
[EventType "swiss"]
[EventCountry "CZE"]
[SourceTitle "playchess.com"]
[Source "ChessBase"]
[SourceQuality "1"]
[TimeControl "40/5400+30:1800+30"]

1. d4 {[%emt 0:00:00]} Nf6 {[%emt 0:00:00]} 2. c4 {[%emt 0:00:14]} e6 {[%emt 0:00:00]} 3. Nf3 {[%emt 0:00:10]} b6 {[%emt 0:01:11]} 4. g3 {[%emt 0:00:06]} Ba6 {[%emt 0:00:20]} 5. Nbd2 {[%emt 0:00:14]} d5 {[%emt 0:00:47]} 6. Bg2 {[%emt 0:01:56]} Be7 {[%emt 0:00:18]} 7. Qa4+ {[%emt 0:09:34]} c6 {[%emt 0:01:00]} 8. Ne5 {[%emt 0:01:13]} Bb7 {[%emt 0:07:10]} 9. Ndf3 {[%emt 0:10:17]} O-O {[%emt 0:00:44]} 10. O-O {[%emt 0:01:01]} Ne4 {[%emt 0:01:53]} 11. Rd1 {[%emt 0:00:57]} a5 {[%emt 0:03:12]} 12. Bf4 {[%emt 0:03:53]} Nd6 {[%emt 0:07:21]} 13. cxd5 {[%emt 0:01:01]} cxd5 {[%emt 0:02:18]} 14. Rdc1 {[%emt 0:03:54]} Ba6 {[%emt 0:08:27]} 15. Qd1 {[%emt 0:02:06]} f6 {[%emt 0:03:08]} 16. Nd3 {[%emt 0:00:15]} Qd7 {[%emt 0:00:20]} 17. Bh3 {[%emt 0:03:22]} Bb7 {[%emt 0:10:36]} 18. Rc2 {[%emt 0:24:47]} Nc6 {[%emt 0:01:16]} 19. Rac1 {[%emt 0:00:06]} Rac8 {[%emt 0:00:13]} 20. b3 {[%emt 0:02:20]} Nf5 {[%emt 0:04:38]} 21. Bxf5 {[%emt 0:03:53]} exf5 {[%emt 0:00:03]} 22. h4 {[%emt 0:00:23]} Ba3 {[%emt 0:01:07]} 23. Rb1 {[%emt 0:00:08]} Ba6 {[%emt 0:02:34]} 24. Bd2 {[%emt 0:06:12]} Rfe8 {[%emt 0:00:53]} 25. Nf4 {[%emt 0:01:09]} Re4 {[%emt 0:00:50]} 26. e3 {[%emt 0:01:05]} Ree8 {[%emt 0:08:53]} 27. Ne1 {[%emt 0:04:09]} g5 {[%emt 0:05:14]} 28. hxg5 {[%emt 0:00:11]} fxg5 {[%emt 0:00:07]} 29. Nfd3 {[%emt 0:00:47]} Qe6 {[%emt 0:05:33]} 30. Bc1 {[%emt 0:03:16]} Bd6 {[%emt 0:00:45]} 31. Qh5 {[%emt 0:01:44]} Qg6 {[%emt 0:01:33]} 32. Qh1 {[%emt 0:01:21]} Qe6 {[%emt 0:01:35]} 33. Qh5 {[%emt 0:00:36]} Qg6 {[%emt 0:02:04]} 34. Qh1 {[%emt 0:00:04]} Qe6 {[%emt 0:02:06]} 35. Qh5 {[%emt 0:00:06]} 1/2-1/2

[Event "19th Prague Open-A 2020"]
[Site "Prague"]
[Date "2020.01.17"]
[Round "9.15"]
[White "Pavlidou, Ekaterini"]
[Black "Laverton, Christian"]
[Result "1/2-1/2"]
[WhiteElo "2160"]
[BlackElo "2109"]
[Annotator "ChessBase"]
[PlyCount "60"]
[EventDate "2020.01.10"]
[EventType "swiss"]
[EventCountry "CZE"]
[SourceTitle "playchess.com"]
[Source "ChessBase"]
[SourceQuality "1"]
[TimeControl "40/5400+30:1800+30"]

1. Nf3 {[%emt 0:01:39]} d5 {[%emt 0:00:00]} 2. g3 {[%emt 0:00:59]} Nf6 {[%emt 0:00:43]} 3. Bg2 {[%emt 0:00:15]} Bf5 {[%emt 0:00:57]} 4. c4 {[%emt 0:00:29]} c6 {[%emt 0:00:37]} 5. b3 {[%emt 0:03:14]} e6 {[%emt 0:01:56]} 6. O-O {[%emt 0:00:40]} h6 {[%emt 0:02:17]} 7. Bb2 {[%emt 0:01:38]} Nbd7 {[%emt 0:01:15]} 8. d3 {[%emt 0:00:26]} Be7 {[%emt 0:01:31]} 9. Nbd2 {[%emt 0:01:04]} O-O {[%emt 0:01:01]} 10. Qc2 {[%emt 0:05:06]} Bh7 {[%emt 0:05:44]} 11. Rfe1 {[%emt 0:07:07]} a5 {[%emt 0:03:26]} 12. a3 {[%emt 0:01:17]} Nc5 {[%emt 0:03:53]} 13. Bd4 {[%emt 0:09:29]} Nfd7 {[%emt 0:04:32]} 14. Rab1 {[%emt 0:13:04]} b5 {[%emt 0:11:14]} 15. b4 {[%emt 0:06:55]} axb4 {[%emt 0:03:18]} 16. axb4 {[%emt 0:00:06]} Na6 {[%emt 0:02:14]} 17. c5 {[%emt 0:00:34]} Qc7 {[%emt 0:04:18]} 18. e4 {[%emt 0:05:09]} Bf6 {[%emt 0:05:03]} 19. e5 {[%emt 0:06:26]} Be7 {[%emt 0:01:23]} 20. Qc3 {[%emt 0:04:15]} Ra7 {[%emt 0:01:44]} 21. h4 {[%emt 0:05:03]} Rfa8 {[%emt 0:02:11]} 22. Bh3 {[%emt 0:05:11]} Nab8 {[%emt 0:04:36]} 23. Rb3 {[%emt 0:02:58]} Ra2 {[%emt 0:02:58]} 24. Nf1 {[%emt 0:01:26]} R8a4 {[%emt 0:01:50]} 25. Ne3 {[%emt 0:02:28]} Qa7 {[%emt 0:03:27]} 26. Nc2 {[%emt 0:00:17]} Nf8 {[%emt 0:03:02]} 27. Re3 {[%emt 0:02:41]} Na6 {[%emt 0:04:56]} 28. Nfe1 {[%emt 0:00:33]} Bd8 {[%emt 0:02:07]} 29. Rb1 {[%emt 0:04:07]} Ng6 {[%emt 0:02:12]} 30. h5 {[%emt 0:01:57]} Ne7 {[%emt 0:00:54]} 1/2-1/2

[Event "19th Prague Open-A 2020"]
[Site "Prague"]
[Date "2020.01.17"]
[Round "9.16"]
[White "Ochedzan, Tymon"]
[Black "Martynyuk, Elizaveta"]
[Result "1/2-1/2"]
[WhiteElo "2140"]
[BlackElo "2053"]
[Annotator "TA"]
[PlyCount "81"]
[EventDate "2020.01.10"]
[EventType "swiss"]
[EventCountry "CZE"]
[SourceTitle "playchess.com"]
[Source "ChessBase"]
[SourceQuality "1"]

{[%evp 18,81,43,35,58,56,77,31,60,51,57,52,81,95,98,29,31,43,18,39,91,22,38,2,11,23,8,3,54,0,0,-29,-45,-46,-39,-29,21,-28,-28,-28,-29,-115,-102,-137,-152,-158,-152,-222,-227,-208,-184,-229,-233,-358,-395,-486,0,0,0,0,0,0,0,0,0,0]} 1. e4 c5 2. Nf3 Nc6 3. d4 cxd4 4. Nxd4 g6 5. c4 Nf6 6. Nc3 Nxd4 7. Qxd4 d6 8. Be2 Bg7 9. Bg5 O-O 10. O-O a5 {B36: Sicilian: Maroczy Bind: Gurgenidze System} (10... Be6 11. Qe3 Qa5 12. a3 Qb6 13. Qxb6 axb6 14. Rfd1 Rfc8 15. Nd5 Bxd5 16. exd5 Ne4 17. Bc1 f5 18. Rb1 Kf7 19. Bf1 h5 {½-½ (54) Belous,V (2556)-Gdanski,J (2488) Brownsville 2016}) 11. Qe3 a4 12. Rac1 (12. Rad1 $5 {[%cal Re4e5]} Ng4 13. Qg3 $16) 12... Be6 $146 {White is slightly better.} ({Predecessor:} 12... Re8 13. h3 Be6 14. f4 Qa5 15. Nb5 Bd7 16. Nc3 Be6 17. Nb5 Bd7 18. Nc3 Be6 19. Nb5 Bd7 20. Nc3 Be6 21. Nb5 Bd7 22. Nc3 Be6 23. Nb5 Bd7 24. Nc3 Be6 {½-½ (24) Ni,S (2325)-Gong,Q (2327) China 2014}) 13. f4 Qa5 14. f5 gxf5 15. exf5 Bxf5 16. Qxe7 (16. c5 $1 $16 e6 17. cxd6) 16... Qb6+ $11 17. Qe3 Qxe3+ 18. Bxe3 Bg4 ({Better is} 18... Ng4 $14 19. Bg5 (19. Rxf5 Nxe3 20. Rb5 Bd4 $11) 19... Be6) 19. Bd3 ({White should play} 19. Bd1 $16) 19... Nd7 $1 20. Bf4 Nc5 21. Bb1 Ra6 22. Rfe1 Rb6 (22... Ne6 $11 23. Bg3 Bh5) 23. Nb5 (23. Nd5 $1 $14 Ra6 24. h3) 23... Bxb2 24. Bxd6 (24. Rc2 $5 {[%cal Rc2b2]} Nd3 {[%mdl 64] Double Attack} 25. Rxb2 $1 {[%mdl 512]} Nxb2 26. Nxd6 $11) 24... Rc8 25. Rc2 $1 {[%cal Rc2b2]} Nd3 $36 {[%mdl 2048] Black is more active.} 26. Rf1 Bd7 27. Rf3 (27. Rd1 $5 {[%cal Rd1d3]} Bxb5 28. cxb5 Rxc2 29. Bxc2 Rxd6 30. Rxd3 Rxd3 31. Bxd3 $11) 27... Bxb5 28. Rxd3 Bxc4 {[#] ...Rcc6 is the strong threat.} 29. Be7 (29. Rxb2 $1 $11 {[%mdl 512]} Bxd3 (29... Rxb2 30. Rg3+) 30. Rxb6 Rc1+ {[%mdl 64] Double Attack} 31. Kf2 Rxb1 32. Rxb1 Bxb1 33. a3) 29... f6 30. Rd1 Kf7 31. Bd6 Rcc6 32. Bf4 {[#]} (32. Kf2 $17 {might work better.}) 32... Be6 $1 $19 {White must now prevent ...Bd4+!} 33. Be3 Rxc2 34. Bxc2 {[#]} Rb4 $1 35. Rd6 (35. Bb1 $142) 35... Bxa2 36. Bf5 Be5 $2 ({Black should try} 36... a3 $19 37. Rd7+ Ke8) 37. Rd7+ $11 {The position is equal.} Ke8 {aiming for ...Bb1.} 38. Bc5 Rb5 (38... Rc4 $5 39. Re7+ $8 Kd8 40. Rd7+ Ke8 41. Re7+ Kd8 42. Rd7+ Ke8 $11) 39. Re7+ Kd8 40. Rd7+ Ke8 $1 ({Stronger than} 40... Kc8 41. Rxh7+ Kd8 42. Rh8+ Bg8 43. Rxg8+ Kc7 44. Rc8#) 41. Re7+ {Accuracy: White = 43%, Black = 67%.} 1/2-1/2